[Event "EU-ch Rapid"]
[Site "Katowice"]
[Date "2022.12.17"]
[Round "2"]
[White "Adamczewski, Jedrzej"]
[Black "Plichta, Kamil"]
[Result "0-1"]
[WhiteElo "1938"]
[BlackElo "2394"]
[PlyCount "72"]
[EventDate "2022.12.17"]
[EventType "swiss (rapid)"]
[EventRounds "11"]
[EventCountry "POL"]
[SourceTitle "CBM 211 Extra"]
[Source "ChessBase"]
[SourceDate "2023.01.31"]
[SourceVersion "1"]
[SourceVersionDate "2023.01.31"]
[SourceQuality "1"]

1. e4 e6 2. d4 d5 3. Nc3 Nf6 4. e5 Nfd7 5. Nf3 c5 6. dxc5 Nc6 7. Bf4 Bxc5 8. Bd3 a6 9. 0-0 h6 10. Bg3 g5 11. Re1 g4 12. Nh4 h5 13. Nxd5 exd5 14. e6 Nf8 15. exf7+ Kxf7 16. Qd2 Qf6 17. Bxa6 Rxa6 18. Qxd5+ Ne6 19. Rxe6 Bxe6 20. Qxc5 Qxb2 21. Re1 Qd4 22. Qg5 Qf6 23. Qb5 Ra7 24. Qb6 Rd8 25. h3 Rd7 26. hxg4 hxg4 27. Re4 Ra6 28. Qb5 Ra5 29. Qe2 Nd4 30. Qe1 Rxa2 31. Qb4 Ra1+ 32. Kh2 Nc6 33. Qc5 Rd5 34. Qb6 Rdd1 35. Qxb7+ Ne7 36. Rf4 Rh1# 0-1

[Event "POL-chT Academic"]
[Site "Chorzow"]
[Date "2022.04.03"]
[Round "7.11"]
[White "Adamczewski, Jedrzej"]
[Black "Hampel, Anna"]
[Result "1/2-1/2"]
[WhiteElo "1974"]
[BlackElo "1566"]
[PlyCount "125"]
[EventDate "2022.04.02"]
[EventType "team-swiss (rapid)"]
[EventRounds "9"]
[EventCountry "POL"]
[SourceTitle "EXT 2024"]
[Source "ChessBase"]
[SourceDate "2023.10.10"]
[SourceVersion "1"]
[SourceVersionDate "2023.10.10"]
[SourceQuality "1"]

1. e4 c5 2. Nf3 e6 3. d4 cxd4 4. Nxd4 Nc6 5. Nc3 Qc7 6. g3 Nf6 7. Bg2 a6 8. 0-0 Be7 9. Re1 d6 10. a4 0-0 11. Nxc6 bxc6 12. b3 d5 13. Ba3 Bxa3 14. Rxa3 Qe7 15. Ra1 Qb4 16. Qf3 Bb7 17. a5 Rfd8 18. Ra4 Qe7 19. e5 Ne8 20. Rh4 Rab8 21. Qh5 h6 22. Rg4 Kh8 23. Rf4 f6 24. exf6 Nxf6 25. Qg6 e5 26. Rf5 e4 27. Rf4 Rf8 28. Nd1 Qe8 29. Qxe8 Rbxe8 30. f3 g5 31. Rf5 Bc8 32. Bh3 Bxf5 33. Bxf5 exf3 34. Kf2 Rxe1 35. Kxe1 Ne4 36. g4 Kg7 37. Ne3 Nd6 38. Kf2 Nxf5 39. Nxf5+ Kg6 40. Nd4 Re8 41. Kxf3 c5 42. Nc6 Re1 43. Nb8 Rc1 44. c4 dxc4 45. bxc4 Rxc4 46. Nxa6 Ra4 47. Nxc5 Rxa5 48. Ne6 Ra3+ 49. Kg2 Ra2+ 50. Kg3 Re2 51. Nd4 Re3+ 52. Kg2 Re4 53. Nc6 Rxg4+ 54. Kf3 Rc4 55. Ne5+ Kf5 56. Nxc4 g4+ 57. Kg3 h5 58. Kh4 Kf4 59. Nd2 Ke3 60. Nf1+ Kf2 61. Kxh5 g3 62. hxg3 Kf3 63. g4 1/2-1/2

[Event "POL-chT Academic"]
[Site "Chorzow"]
[Date "2022.04.03"]
[Round "9.11"]
[White "Adamczewski, Jedrzej"]
[Black "Sawicki, Pawel Andrzej"]
[Result "1-0"]
[WhiteElo "1974"]
[BlackElo "1620"]
[PlyCount "57"]
[EventDate "2022.04.02"]
[EventType "team-swiss (rapid)"]
[EventRounds "9"]
[EventCountry "POL"]
[SourceTitle "EXT 2024"]
[Source "ChessBase"]
[SourceDate "2023.10.10"]
[SourceVersion "1"]
[SourceVersionDate "2023.10.10"]
[SourceQuality "1"]

1. e4 c6 2. Nc3 d5 3. Nf3 Bg4 4. h3 Bxf3 5. Qxf3 e6 6. d3 Bc5 7. Qg3 Bd4 8. Ne2 Qf6 9. Nxd4 Qxd4 10. c3 Qf6 11. Bf4 Nd7 12. Be2 Ne7 13. 0-0 Ng6 14. Bd6 e5 15. Ba3 Nf4 16. Bg4 h5 17. Bxd7+ Kxd7 18. Qe3 Qg5 19. Qf3 Rae8 20. exd5 cxd5 21. Kh2 h4 22. Rad1 Re6 23. b3 Ra6 24. Bc1 Rxa2 25. c4 Rh6 26. d4 Rg6 27. Rg1 Ne2 28. Bxg5 Nxg1 29. Qxf7+ 1-0

[Event "POL-chT Academic"]
[Site "Chorzow"]
[Date "2022.04.02"]
[Round "3.23"]
[White "Twardowski, Hubert"]
[Black "Adamczewski, Jedrzej"]
[Result "0-1"]
[WhiteElo "1660"]
[BlackElo "1974"]
[PlyCount "60"]
[EventDate "2022.04.02"]
[EventType "team-swiss (rapid)"]
[EventRounds "9"]
[EventCountry "POL"]
[SourceTitle "EXT 2024"]
[Source "ChessBase"]
[SourceDate "2023.10.10"]
[SourceVersion "1"]
[SourceVersionDate "2023.10.10"]
[SourceQuality "1"]

1. c4 e5 2. Nc3 Nf6 3. e3 d6 4. g3 g6 5. Bg2 Bg7 6. Nge2 0-0 7. 0-0 Re8 8. d4 Nbd7 9. Bd2 c6 10. Rc1 Qc7 11. b4 Nb6 12. Qb3 Bg4 13. Rfe1 e4 14. d5 Nbd7 15. h3 Bf3 16. Bxf3 exf3 17. Nf4 Ne5 18. dxc6 bxc6 19. Na4 Qd7 20. Kh2 Qf5 21. Qc2 Ne4 22. Bc3 g5 23. g4 Nxg4+ 24. hxg4 Qxg4 25. Rg1 Qh4+ 26. Nh3 Nxc3 27. Nxc3 g4 28. Rxg4 Qxg4 29. Rg1 Qe6 30. c5 Kh8 0-1

[Event "POL-chT 2nd League"]
[Site "Sypniewo"]
[Date "2021.09.11"]
[Round "8.10"]
[White "Adamczewski, Jedrzej"]
[Black "Smagalski, Slawomir"]
[Result "0-1"]
[WhiteElo "1941"]
[BlackElo "1939"]
[PlyCount "74"]
[EventDate "2021.09.04"]
[EventType "team-swiss"]
[EventRounds "9"]
[EventCountry "POL"]
[SourceTitle "CBM 204 Extra"]
[Source "ChessBase"]
[SourceDate "2021.11.30"]
[SourceVersion "1"]
[SourceVersionDate "2021.11.30"]
[SourceQuality "1"]
[WhiteTeam "Kalisz KTS"]
[BlackTeam "Konin Hetman"]
[WhiteTeamCountry "POL"]
[BlackTeamCountry "POL"]

1. e4 e5 2. Bc4 Nc6 3. Nf3 Bc5 4. c3 Nf6 5. d3 d6 6. b4 Bb6 7. a4 a6 8. a5 Ba7 9. Qb3 0-0 10. 0-0 Ne7 11. Be3 c6 12. Bxa7 Rxa7 13. Qa2 Ng6 14. Nbd2 h6 15. d4 Qe7 16. Rfe1 Ra8 17. Bb3 Bd7 18. Rad1 Rad8 19. h3 Nh5 20. dxe5 dxe5 21. Nc4 Nhf4 22. Ne3 Qf6 23. Ng4 Nxh3+ 24. gxh3 Qxf3 25. Re3 Qf4 26. Rg3 Bxg4 27. Rxd8 Rxd8 28. Rxg4 Qf6 29. Rg3 Nf4 30. Bc4 Nh5 31. Rg4 Rd1+ 32. Kg2 Nf4+ 33. Kg3 Rg1+ 34. Kh2 Rxg4 35. hxg4 Qh4+ 36. Kg1 Qxg4+ 37. Kf1 Qd1# 0-1

[Event "POL-chT 2nd League"]
[Site "Sypniewo"]
[Date "2021.09.07"]
[Round "4.15"]
[White "Adamczewski, Jedrzej"]
[Black "Komendecki, Jacek"]
[Result "0-1"]
[WhiteElo "1941"]
[BlackElo "1981"]
[PlyCount "66"]
[EventDate "2021.09.04"]
[EventType "team-swiss"]
[EventRounds "9"]
[EventCountry "POL"]
[SourceTitle "CBM 204 Extra"]
[Source "ChessBase"]
[SourceDate "2021.11.30"]
[SourceVersion "1"]
[SourceVersionDate "2021.11.30"]
[SourceQuality "1"]
[WhiteTeam "Kalisz KTS"]
[BlackTeam "Legnica Miedz II"]
[WhiteTeamCountry "POL"]
[BlackTeamCountry "POL"]

1. e4 c5 2. Nf3 g6 3. d4 cxd4 4. Qxd4 Nf6 5. e5 Nc6 6. Qa4 Nd5 7. Qe4 Nc7 8. Nc3 Ne6 9. h4 Bg7 10. h5 Qa5 11. Bb5 a6 12. Bxc6 bxc6 13. h6 Bf8 14. b4 Qc7 15. Bb2 Rb8 16. a3 a5 17. Rh4 Ba6 18. Nd4 Nc5 19. bxc5 Rxb2 20. Nb3 e6 21. Na4 Be7 22. Rf4 f5 23. exf6 Rxc2 24. Nd4 Rc4 25. fxe7 Rxa4 26. 0-0-0 Rc4+ 27. Kb2 Kxe7 28. Qf3 Qe5 29. Re4 Rb8+ 30. Ka1 Qxc5 31. Rxe6+ dxe6 32. Nxc6+ Qxc6 33. Qe3 Qc5 0-1

[Event "POL-ch Academic"]
[Site "Chorzow"]
[Date "2021.05.15"]
[Round "6.14"]
[White "Cukrowski, Filip"]
[Black "Adamczewski, Jedrzej"]
[Result "1-0"]
[WhiteElo "2412"]
[BlackElo "1941"]
[PlyCount "113"]
[EventDate "2021.05.14"]
[EventType "swiss (rapid)"]
[EventRounds "9"]
[EventCountry "POL"]
[SourceTitle "CBM 202 Extra"]
[Source "ChessBase"]
[SourceDate "2021.07.31"]
[SourceVersion "1"]
[SourceVersionDate "2021.07.31"]
[SourceQuality "1"]

1. d4 Nf6 2. Nf3 c5 3. c3 cxd4 4. cxd4 g6 5. Bf4 Bg7 6. e3 0-0 7. Nbd2 a6 8. Bd3 b5 9. Rc1 Bb7 10. 0-0 d6 11. h3 Nbd7 12. e4 Rc8 13. Qe2 Rxc1 14. Rxc1 Qa8 15. Re1 Re8 16. Bh2 e5 17. d5 Nh5 18. a4 Nf4 19. Bxf4 exf4 20. axb5 Nc5 21. b4 Na4 22. bxa6 Bxd5 23. Qf1 Bc6 24. Bb5 Rb8 25. Bxc6 Qxc6 26. e5 Rxb4 27. exd6 Qxd6 28. Re8+ Bf8 29. a7 Nb6 30. a8R Nxa8 31. Rxa8 Qc6 32. Qa6 Qc1+ 33. Kh2 Kg7 34. Qa1+ Qxa1 35. Rxa1 Bc5 36. Kg1 Rb2 37. Ra4 g5 38. Ne4 Bb6 39. Ned2 h6 40. Ra1 Bc5 41. Rb1 Ra2 42. Rf1 f5 43. Nb3 Bb6 44. Nbd4 Kg6 45. Rc1 Ba7 46. Rc6+ Kh5 47. Nxf5 Bxf2+ 48. Kh2 Bg3+ 49. Nxg3+ fxg3+ 50. Kxg3 Rb2 51. Kh2 Ra2 52. Ne5 Rf2 53. Rxh6+ Kxh6 54. Ng4+ Kh5 55. Nxf2 Kh4 56. g3+ Kh5 57. Kg2 1-0

[Event "POL-chT Academic"]
[Site "Katowice"]
[Date "2020.11.15"]
[Round "7.15"]
[White "Budzinski, Jan"]
[Black "Adamczewski, Jedrzej"]
[Result "1-0"]
[WhiteElo "1987"]
[BlackElo "1941"]
[PlyCount "57"]
[EventDate "2020.11.14"]
[EventType "team-swiss (rapid)"]
[EventRounds "9"]
[EventCountry "POL"]
[SourceTitle "CBM 199 Extra"]
[Source "ChessBase"]
[SourceDate "2021.01.31"]
[SourceVersion "1"]
[SourceVersionDate "2021.01.31"]
[SourceQuality "1"]
[WhiteTeam "Krakow Jagiellonski Univ"]
[BlackTeam "Wroclaw University"]
[WhiteTeamCountry "POL"]
[BlackTeamCountry "POL"]

1. e4 c5 2. Nc3 Nc6 3. Bb5 Nd4 4. Bc4 Rb8 5. a4 a6 6. Nf3 e6 7. Nxd4 cxd4 8. Ne2 b5 9. axb5 axb5 10. Bb3 Qb6 11. 0-0 Ne7 12. d3 Nc6 13. f4 Na5 14. Ba2 b4 15. Bd2 Bd6 16. f5 Be5 17. Bf4 Bxf4 18. Nxf4 b3 19. cxb3 Nxb3 20. Bxb3 Qxb3 21. Qg4 Kf8 22. fxe6 dxe6 23. Nh5 Rg8 24. Qf4 f5 25. exf5 exf5 26. Ra7 Qb6 27. Rfa1 g5 28. Qe5 Bb7 29. Qxb8+ 1-0

[Event "POL-ch Academic"]
[Site "Katowice"]
[Date "2020.11.13"]
[Round "2"]
[White "Tomczak, Mikolaj"]
[Black "Adamczewski, Jedrzej"]
[Result "1-0"]
[WhiteElo "2435"]
[BlackElo "1941"]
[PlyCount "91"]
[EventDate "2020.11.13"]
[EventType "swiss (rapid)"]
[EventRounds "9"]
[EventCountry "POL"]
[SourceTitle "CBM 199 Extra"]
[Source "ChessBase"]
[SourceDate "2021.01.31"]
[SourceVersion "1"]
[SourceVersionDate "2021.01.31"]
[SourceQuality "1"]

1. Nf3 c5 2. c4 g6 3. d4 cxd4 4. Nxd4 Bg7 5. Nc3 Nc6 6. Nc2 Nf6 7. e4 0-0 8. Be2 d6 9. 0-0 Bd7 10. Be3 Qa5 11. Qd2 Rfc8 12. f3 Rab8 13. Rac1 a6 14. Na3 Be6 15. Rfd1 Ne5 16. Nd5 Qxd2 17. Bxd2 Bxd5 18. cxd5 Ne8 19. Be3 f5 20. exf5 gxf5 21. b3 Bf6 22. Nc2 Ng7 23. Nd4 Kf7 24. h3 Ng6 25. Bd3 f4 26. Bf2 Be5 27. Nf5 Bb2 28. Rb1 Be5 29. Nh6+ Kf8 30. Ng4 Bc3 31. Rdc1 Kf7 32. Rc2 h5 33. Nh6+ Kf6 34. Rbc1 Kg5 35. Nf7+ Kf6 36. Nxd6 exd6 37. Rxc3 Rxc3 38. Rxc3 Ne5 39. Be4 Ne8 40. Bh4+ Kf7 41. Bg5 Nf6 42. Rc7+ Nfd7 43. Bf5 Ke8 44. Bxf4 Nf6 45. Be6 Ned7 46. Bxd6 1-0

[Event "POL-chT 2nd League"]
[Site "Jastrzebia Gora"]
[Date "2019.09.15"]
[Round "9.20"]
[White "Adamczewski, Jedrzej"]
[Black "Koziol, Pawel"]
[Result "1-0"]
[WhiteElo "1892"]
[BlackElo "1821"]
[PlyCount "89"]
[EventDate "2019.09.07"]
[EventType "team-swiss"]
[EventRounds "9"]
[EventCountry "POL"]
[SourceTitle "EXT 2020"]
[Source "ChessBase"]
[SourceDate "2019.10.17"]
[SourceVersion "1"]
[SourceVersionDate "2019.10.17"]
[SourceQuality "1"]
[WhiteTeam "Kalisz KTS"]
[BlackTeam "Skoczek Trojanski"]
[WhiteTeamCountry "POL"]
[BlackTeamCountry "POL"]

1. e4 g6 2. d4 Bg7 3. Nc3 d6 4. f4 Nc6 5. Be3 Nf6 6. Nf3 0-0 7. Qd2 Ng4 8. Bg1 e5 9. 0-0-0 exf4 10. Nd5 Re8 11. Bd3 Ne3 12. Nxe3 fxe3 13. Bxe3 Bg4 14. c3 Rb8 15. Rdf1 Bxf3 16. Rxf3 b5 17. Rhf1 Rf8 18. Bh6 f6 19. g4 Qd7 20. Bxg7 Kxg7 21. g5 fxg5 22. Rxf8 Rxf8 23. Rxf8 Kxf8 24. Bxb5 a6 25. Ba4 d5 26. Qxg5 Qd6 27. e5 Qe6 28. Bd1 Qf7 29. Qg4 Ne7 30. Qf3 a5 31. Qxf7+ Kxf7 32. Kc2 h5 33. Kb3 Nf5 34. Ka4 Ne3 35. Be2 h4 36. Kxa5 g5 37. Kb5 Nc4 38. a4 Kg6 39. Bxc4 dxc4 40. a5 g4 41. a6 g3 42. hxg3 hxg3 43. a7 g2 44. a8Q g1Q 45. Qg8+ 1-0

[Event "Polanica Zdroj op-C 52nd"]
[Site "Polanica Zdroj"]
[Date "2016.08.28"]
[Round "9"]
[White "Adamczewski, Maciej"]
[Black "Adamczewski, Jedrzej"]
[Result "1-0"]
[WhiteElo "1979"]
[BlackElo "1914"]
[PlyCount "63"]
[EventDate "2016.08.20"]
[EventType "swiss"]
[EventRounds "9"]
[EventCountry "POL"]
[SourceTitle "CBM 174 Extra"]
[Source "ChessBase"]
[SourceDate "2016.10.10"]
[SourceVersion "1"]
[SourceVersionDate "2016.10.10"]
[SourceQuality "1"]

1. d4 Nf6 2. c4 g6 3. Nc3 Bg7 4. g3 0-0 5. Bg2 d6 6. Nf3 Nbd7 7. 0-0 e5 8. e4 Re8 9. d5 a5 10. b3 Nc5 11. Qc2 Bd7 12. Bd2 c6 13. Rac1 Qb6 14. Qb1 Qa6 15. Rfd1 b5 16. dxc6 Bxc6 17. cxb5 Bxb5 18. Nxb5 Qxb5 19. Rc4 a4 20. Rb4 Qd3 21. Ne1 Qxb1 22. Rxb1 axb3 23. axb3 Ra2 24. Bg5 Rea8 25. Bf3 h5 26. Kg2 Ra1 27. Rxa1 Rxa1 28. Bd2 Rb1 29. Nc2 Nxb3 30. Be3 Nd2 31. Bxd2 Rxb4 32. Bxb4 1-0

[Event "POL-chT3 Wielkopolskie 1516"]
[Site "Poland"]
[Date "2016.01.17"]
[Round "3.27"]
[White "Drozdzynski, Arkadiusz"]
[Black "Adamczewski, Jedrzej"]
[Result "1/2-1/2"]
[WhiteElo "1898"]
[BlackElo "1922"]
[PlyCount "66"]
[EventDate "2016.01.10"]
[EventType "team-tourn"]
[EventRounds "11"]
[EventCountry "POL"]
[SourceTitle "EXT 2019"]
[Source "ChessBase"]
[SourceDate "2018.10.10"]
[SourceVersion "1"]
[SourceVersionDate "2018.10.10"]
[SourceQuality "1"]

1. e4 c5 2. Nc3 Nc6 3. g3 g6 4. Bg2 Bg7 5. Nge2 Rb8 6. 0-0 b5 7. d3 b4 8. Nd5 e6 9. Ne3 Nge7 10. Rb1 0-0 11. f4 Nd4 12. Bd2 Ba6 13. Nxd4 Bxd4 14. Kh1 Bg7 15. c4 bxc3 16. Bxc3 Bxc3 17. bxc3 Qa5 18. Qc2 Nc6 19. Rfd1 Rxb1 20. Rxb1 Rb8 21. Rxb8+ Nxb8 22. h3 d6 23. Bf1 Nd7 24. Be2 Nb6 25. Kg2 Qa3 26. Nd1 Bb5 27. Qb2 Qa6 28. c4 Bc6 29. Nc3 Qb7 30. Bf3 Qe7 31. Kf2 h5 32. h4 e5 33. Ne2 Qe6 1/2-1/2

[Event "POL-chT3 Wielkopolskie 1516"]
[Site "Poland"]
[Date "2016.01.17"]
[Round "2.33"]
[White "Staniszewski, Pawel"]
[Black "Adamczewski, Jedrzej"]
[Result "1/2-1/2"]
[WhiteElo "2017"]
[BlackElo "1922"]
[PlyCount "96"]
[EventDate "2016.01.10"]
[EventType "team-tourn"]
[EventRounds "11"]
[EventCountry "POL"]
[SourceTitle "EXT 2019"]
[Source "ChessBase"]
[SourceDate "2018.10.10"]
[SourceVersion "1"]
[SourceVersionDate "2018.10.10"]
[SourceQuality "1"]

1. d4 Nf6 2. Nf3 b6 3. c4 e6 4. Bg5 Bb7 5. Nc3 Bb4 6. Rc1 h6 7. Bd2 0-0 8. e3 c5 9. Bd3 cxd4 10. exd4 d5 11. cxd5 Nxd5 12. 0-0 Nc6 13. a3 Nxc3 14. Bxc3 Bxc3 15. bxc3 Qd6 16. a4 Rfd8 17. Re1 Rac8 18. Bb1 g6 19. h4 h5 20. Ng5 Ne7 21. Qd2 Nf5 22. Bxf5 exf5 23. Qa2 Qd5 24. Qxd5 Bxd5 25. a5 bxa5 26. Ra1 Rxc3 27. Rxa5 Bc4 28. Rxa7 Rxd4 29. g3 Bd5 30. Nh3 Rdc4 31. Nf4 Rc1 32. Ra1 Rxa1 33. Rxa1 Be4 34. Ng2 Rb4 35. Nf4 Kg7 36. Rc1 Ra4 37. Kf1 Ra2 38. Ng2 Kf6 39. Nf4 Rb2 40. Re1 Bf3 41. Rc1 Ra2 42. Nh3 Be2+ 43. Kg1 Ke5 44. Nf4 Ke4 45. Nxe2 Rxe2 46. Kg2 Ke5 47. Kf3 Re4 48. Rc6 Ra4 1/2-1/2

[Event "POL-ch U18"]
[Site "Szczyrk"]
[Date "2013.??.??"]
[Round "7"]
[White "Adamczewski, Jedrzej"]
[Black "Lopuszanski, Kamil"]
[Result "1-0"]
[WhiteElo "1861"]
[BlackElo "1870"]
[PlyCount "109"]
[EventDate "2013.03.17"]
[EventType "swiss"]
[EventRounds "9"]
[EventCountry "POL"]
[SourceTitle "CBM 153 Extra"]
[Source "ChessBase"]
[SourceDate "2013.04.22"]
[SourceVersion "1"]
[SourceVersionDate "2013.04.22"]
[SourceQuality "1"]

1. e4 c6 2. d4 d5 3. exd5 cxd5 4. Bd3 Nc6 5. c3 Nf6 6. h3 e5 7. dxe5 Nxe5 8. Nf3 Nxd3+ 9. Qxd3 Bd6 10. 0-0 0-0 11. Bg5 h6 12. Bxf6 Qxf6 13. Nbd2 Rd8 14. Nd4 Qf4 15. N2f3 a5 16. Rfe1 Bd7 17. Rad1 Ra6 18. Qe3 Qf6 19. Ne5 Bc8 20. Ndf3 Bb8 21. Nd3 Re6 22. Qd4 Qxd4 23. Nxd4 Rxe1+ 24. Rxe1 Kf8 25. Ne5 Re8 26. Nef3 Rxe1+ 27. Nxe1 Ke7 28. Kf1 Kd6 29. Ke2 Bd7 30. Kd3 b5 31. a3 Bc7 32. Nec2 Bd8 33. Ne3 g6 34. Nec2 Bh4 35. Ke3 h5 36. g3 Bd8 37. h4 f6 38. f4 g5 39. Nf3 gxf4+ 40. Kxf4 Kc5 41. Nfd4 Bc7+ 42. Kf3 a4 43. Ne3 Be5 44. g4 hxg4+ 45. Nxg4 Bxd4 46. cxd4+ Kxd4 47. h5 Bf5 48. Kf4 Bb1 49. h6 Kc4 50. Ne3+ Kb3 51. Nf5 d4 52. h7 Bxf5 53. Kxf5 d3 54. h8Q d2 55. Qh3+ 1-0